| 000 | 01115nam a2200313 a 4500 | ||
|---|---|---|---|
| 003 | BLK | ||
| 005 | 20250402135943.0 | ||
| 008 | 220218b bul|||||r ||||||| ||bul|| | ||
| 020 | _a9789545294457 | ||
| 020 | _a9545294450 | ||
| 040 | _aBLK | ||
| 041 |
_aBUL _cBUL |
||
| 080 |
_aМексиканска литература _b821.134.2(720) _x-31 _z821.134.2(720)-31 |
||
| 084 | _aЕ 88 | ||
| 100 | 1 |
_aЕскивел, Лаура _967631 |
|
| 245 | 1 | 0 |
_aМалинче _bРоман _cЛаура Ескивел ; прев. от исп. Захари Омайников. |
| 257 | _aMEX | ||
| 260 |
_aСофия _bКолибри _c2006 _fСофия : Симолини |
||
| 300 |
_a199 с. _c20 см |
||
| 380 | _aX | ||
| 500 | _aОриг. загл. La Malinche / Laura Esquivel | ||
| 700 |
_aОмайников, Захари Стефанов _eпрев. от исп. _9255110 |
||
| 852 |
_bП _c821-31/Е 88 Л |
||
| 856 | 4 | _qpdf | |
| 856 | 4 | _qpdf | |
| 942 |
_cKNG _n0 _s1 _02 |
||
| 944 |
_aCR _c2022-02-18 _k30531 _lЦветелина Шанова |
||
| 999 |
_c445254 _d445254 |
||